Thiết kế chế tạo máy cán thép và các thiết bị trong nhà máy cán thép
Guardado en:
| Autor principal: | |
|---|---|
| Formato: | Libro |
| Lenguaje: | Undetermined |
| Publicado: |
Hà Nội
Khoa học Kỹ Thuật
2004
|
| Materias: | |
| Etiquetas: |
Agregar Etiqueta
Sin Etiquetas, Sea el primero en etiquetar este registro!
|
| Thư viện lưu trữ: | Trung tâm Học liệu Trường Đại học Cần Thơ |
|---|
| LEADER | 00657nam a2200193Ia 4500 | ||
|---|---|---|---|
| 001 | CTU_90847 | ||
| 008 | 210402s9999 xx 000 0 und d | ||
| 020 | |c 28000 | ||
| 082 | |a 621.82 | ||
| 082 | |b Nh464 | ||
| 100 | |a Đỗ, Hữu Nhơn | ||
| 245 | 0 | |a Thiết kế chế tạo máy cán thép và các thiết bị trong nhà máy cán thép | |
| 245 | 0 | |c Đỗ Hữu Nhơn | |
| 260 | |a Hà Nội | ||
| 260 | |b Khoa học Kỹ Thuật | ||
| 260 | |c 2004 | ||
| 650 | |a Machine design,Machine parts,Mechanical engineering | ||
| 904 | |i Mai Loan (Nguyên sửa) | ||
| 980 | |a Trung tâm Học liệu Trường Đại học Cần Thơ | ||